000
00315 a2200157 4500
001
68666
020
_a
040
_c
Anchieta - Itaigara
100
_a
Brasileiro, Jonar
240
1
0
_a
Léo e Lia
_l
por
245
1
0
_a
Léo e Lia
300
_a
17
362
0
_a
2001
650
4
_a
Literatura infantil
942
_c
BK
999
_c
68666
_d
68666